000 00809nam a22002417a 4500
003 UA-OsUOA
001 107437
007 ta
008 20140815b un ||||| |||| 00| 0 ukr d
100 _aАндрейцев В. І.
090 _a340.12(091)(075.8)
_bА65
942 _cBK
040 _aUA-OsUOA
_bukr
_cUA-OsUOA
_dUA-OsUOA
245 _aНаукові та науково-правничі школи: стан та проблеми правового регулювання
300 _a414 с.
955 _a1
041 _aukr
080 _a340.12(091)(075.8)
020 _a978-966-346-645-3
260 _aК.
_bЗнання
_c2009
650 7 _a340 Право в цілому. Пропедевтика. Методи та допоміжні правничі науки
_2UDC
999 _c393635
_d393635